| 000 | 00742nam a22002177a 4500 | ||
|---|---|---|---|
| 005 | 20150505153316.0 | ||
| 008 | 140714b xxu||||| |||| 00| 0 Urdu d | ||
| 010 | _aUR-8846 | ||
| 020 | _c200.00 | ||
| 035 | _aU-7401 | ||
| 037 | _bBPPD/Pub/Ven | ||
| 040 |
_aDPL _bUrdu |
||
| 082 | _a 841 | ||
| 100 | _aز ا ہد منصو ر نو ا پو ر ی | ||
| 245 |
_aکل کا ينا ت _cز ا ہد منصو ر نو ا پو ر ی |
||
| 246 |
_aKul kaynaat _bby Mansoor Nawapuri |
||
| 260 |
_bSiddiqui Parkashan _c2009 _aMaharashtra |
||
| 270 |
_a299,Guruwar ward,,Chuna bhatti,Mali Gaon, _a299,Guruwar ward,,Chuna bhatti,Mali Gaon, _bNasik-423203 _k - |
||
| 300 |
_a312ص _c22Cm (Hb) |
||
| 942 |
_2ddc _cUR _e _h 841 _mز ا ہ |
||
| 999 |
_c93323 _d93323 |
||